| 000 | 00980nam a2200301 a 4500 | ||
|---|---|---|---|
| 001 | 000110256 | ||
| 003 | CHAP | ||
| 005 | 20220329144124.0 | ||
| 008 | 140806s2013 mx |r| ||||||spa d | ||
| 010 | _a106718 | ||
| 011 | _a107690 | ||
| 020 | _a9786072800908 | ||
| 040 | _cCHAP | ||
| 082 | 0 | 4 |
_a378.1702812 _bT35 |
| 245 | 0 | 0 |
_aTextualidad y lengua extranjera en el desarrollo académico de estudiantes bilingües en la educación superior / _ceditado por Héctor Muñoz Cruz. |
| 260 |
_aMéxico, D. F. : _bUAM. Iztapalapa _bCONACYT., _c2013. |
||
| 300 | _a226 P. | ||
| 590 |
_aBATCH-UPD _b05 _c20140806 _lUCH01 _h1425 |
||
| 590 |
_aE5765TAJ _b05 _c20140806 _lUCH01 _h1425 |
||
| 590 |
_aE5765TAJ _b05 _c20140807 _lUCH01 _h0839 |
||
| 590 |
_aE5765TAJ _b05 _c20140807 _lUCH01 _h1333 |
||
| 650 | 1 | 4 |
_aEducacion superior _zMéxico. _935406 |
| 650 | 1 | 4 |
_aLenguaje y educación. _9127716 |
| 700 | 1 |
_aMuñoz Cruz, Héctor _eed. _9127717 |
|
| 901 | _aBK | ||
| 942 | _cLIBRO | ||
| 942 | _n0 | ||
| 999 |
_c106718 _d106718 |
||